Statistics for The Supreme Marvel Characters Quiz

Click here to take the quiz!

General Stats

  • This quiz has been taken 30 times
  • The average score is 114 of 200

Answer Stats

AliasCharacter% Correct
Natalia "Natasha Romanoff" Romanova | Yelena BelovaBlack Widow
100%
Captain Steven "Steve" RogersCaptain America
100%
Amadeus Cho | Doctor Robert David Bruce BannerHulk
100%
Anthony "Tony" Edward StarkIron Man
100%
Miles Morales | Peter "Pete" Benjamin ParkerSpider-Man
100%
Jane Foster | King Thor "Donald Blake" OdinsonThor
100%
King T'ChallaBlack Panther
97%
Clinton "Clint" BartonHawkeye
97%
Professor Charles XavierProfessor X
97%
Scott "Scottie" LangAnt-Man
93%
Samuel "Sam" Thomas WilsonFalcon
93%
Wanda MaximoffScarlet Witch
93%
VisionVision
93%
Hope Van DyneWasp
93%
James Buchanan "Bucky" "White Wolf" BarnesWinter Soldier
93%
James "Logan" HowlettWolverine
93%
Carol "Vers" DanversCaptain Marvel
90%
Matthew "Matt" MurdockDaredevil
90%
Director Nicholas "Nick" Joseph Fury Jr.Nick Fury
90%
Wade William WilsonDeadpool
86%
Gamora Zen Whoeberi Ben TitanGamora
86%
GrootGroot
86%
Prince Loki Laufeyson OdinsonLoki
86%
Peter QuillStar-Lord
86%
Benjamin "Ben" GrimmThing
86%
Henry "Hank" McCoyBeast
83%
Scott SummersCyclops
83%
Doctor Stephen Vincent StrangeDr. Strange
83%
John "Johnny" StormHuman Torch
83%
Doctor Reed RichardsMr. Fantastic
83%
Jean Grey SummersPhoenix
83%
Piotro MaximoffQuicksilver
83%
RocketRocket
83%
Thanos "The Mad Titan"Thanos
83%
James "Rhodey" "Jim" RhodesWar Machine
83%
HeimdallHeimdall
79%
Susan "Sue" Storm RichardsInvisible Woman
79%
Director Agent Margaret "Peggy" Carter RogersPeggy Carter
79%
Ororo MunroeStorm
79%
WongWong
79%
EgoEgo
76%
HelaHela
76%
Agent Maria HillMaria Hill
76%
King Odin "The Allfather"Odin
76%
Shang-Chi "Shawn"Shang-Chi
76%
UltronUltron
76%
Edward "Eddie" BrockVenom
76%
Elektra NatchitchoisElektra
72%
Queen FriggaFrigga
72%
Norman OsbornGreen Goblin
72%
Harold "Happy" HoganHappy Hogan
72%
Erik "Killmonger" StevensKillmonger
72%
KorgKorg
72%
MantisMantis
72%
NebulaNebula
72%
Director Agent Phillip "Phil" "Cheese" CoulsonPhil Coulson
72%
Princess ShuriShuri
72%
Arthur DouglasDrax
69%
GooseGoose
69%
Robert "Bobby" DrakeIceman
69%
NamorNamor
69%
General OkoyeOkoye
69%
Yondu ObfenteriYondu
69%
The Ancient OneAncient One
66%
CrystalCrystal
66%
Doctor Victor Von DoomDr. Doom
66%
FandralFandral
66%
Howard StarkHoward Stark
66%
LuisLuis
66%
Lucas "Luke Cage"Luke Cage
66%
Erik "Max Eisenhardt" "Magnus" LehnsherMagneto
66%
MedusaMedusa
66%
Franklin "Frank" CastlePunisher
66%
Jennifer WaltersShe-Hulk
66%
VolstaggVolstagg
66%
Warren Worthington IIIAngel
62%
Doctor Otto OctaviusDr. Octopus
62%
HogunHogun
62%
Daniel "Danny" RandIron Fist
62%
Obadiah StaneIron Monger
62%
Jessica "Jewel" Jones CageJessica Jones
62%
LockjawLockjaw
62%
Man-ThingMan-Thing
62%
Aunt May ParkerMay Parker
62%
Anna MarieRogue
62%
Norrinn RaddSilver Surfer
62%
Jessica DrewSpider Woman
62%
TalosTalos
62%
Cleutus CassidyCarnage
59%
Doctor Erik SelvigErik Selvig
59%
GrandmasterGrandmaster
59%
Kurtis "Kurt"Kurt
59%
MalekithMalekith
59%
Doctor Michael MorbiusMorbius
59%
Kurt WagnerNightcrawler
59%
Doctor Arnim ZolaArnim Zola
55%
Piotr RasputinColossus
55%
David "Dave"Dave
55%
HowardHoward the Duck
55%
Lady SifLady Sif
55%
King LaufeyLaufey
55%
Mary Jane "MJ" WatsonMary Jane Watson
55%
Johann SchmiddtRed Skull
55%
Adrian ToomesVulture
55%
Yon-RoggYon-Rogg
55%
Agatha "Agnes" HarknessAgatha Harkness
52%
Helmutt ZemoBaron Zemo
52%
Elizabeth "Betty" RossBetty Ross
52%
Blackagar BoltogonBlack Bolt
52%
John "Johnny" BlazeGhostrider
52%
KurseKurse
52%
Kamala KhanMs. Marvel
52%
Quentin BeckMysterio
52%
Emil BlonkskyAbomination
48%
Darcy LewisDarcy Lewis
48%
Maximillian "Max" DillonElectro
48%
Jeremy "Remy" LeBeauGambit
48%
Detective James "Jimmy" WooJimmy Woo
48%
Justin HammerJustin Hammer
48%
Mar-Vell "Wendy Lawson"Mar-Vell
48%
Marc SpectorMoon Knight
48%
Raven DarkholmeMystique
48%
CEO Virginia "Pepper" Potts StarkRescue
48%
Flint MarkoSandman
48%
Gweneviere "Gwen" StacySpider-Gwen
48%
Peter PorkerSpider-Ham
48%
WenwuThe Mandarin
48%
BrunnhildeValkyrie
48%
Ivan VankoWhiplash
48%
Darren CrossYellowjacket
48%
Aldrich KillianAldrich Killian
45%
Lucas BishopBishop
45%
Alexander "Alex" SummersHavok
45%
Wilson FiskKingpin
45%
Ulysses KlaueKlaw
45%
Docot Curtis "Curt" ConnorsLizard
45%
General Thaddeus "Thunderbolt" RossRed Hulk
45%
Tanleer TivenThe Collector
45%
Sharon CarterAgent 13
41%
Eugene "Flash" ThompsonAgent Venom
41%
Beta Ray BillBeta Ray Bill
41%
Eric BrooksBlade
41%
Brock RumlowCrossbones
41%
SkurgeExecutioner
41%
Elizabeth "Betsy" BraddockPsylocke
41%
John WalkerU.S. Agent
41%
Brian BraddockCaptain Britain
38%
Maya LopezEcho
38%
Edward "Ned" LeedsHobgoblin
38%
KragklinKraglin
38%
M'BakuMan-Ape
38%
Maria RambeauMaria Rambeau
38%
Richard RyderNova
38%
Monica RambeauPhoton
38%
William "Billy" CaplanWiccan
38%
Karl MordoBaron Mordo
34%
Nathaniel "Nathan" SummersCable
34%
Harley KeenerHarley Keener
34%
SatanMephisto
34%
Aaron DavisProwler
34%
RonanRonan the Accuser
34%
Victor CreedSabretooth
34%
MacDonald "Mac" GarganScorpion
34%
Skaar BannerSkaar
34%
Thomas "Tommy" MaximoffSpeed
34%
Baron Wolfgang Von StruckerBaron Strucker
31%
Dane WhitmanBlack Knight
31%
AmoraEnchantress
31%
Space BlackProxima Midnight
31%
GalenGalactus
28%
Valerie "Viper" ContessaMadame Hydra
28%
Illyana RasputinMagik
28%
Roberta "Bobbi" Morse BartonMockingbird
28%
Daisy "Skye" JohnsonQuake
28%
UatuUatu the Watcher
28%
Frederick "Fred" DukesBlob
24%
Black SpearCorvus Glaive
24%
Black MouthEbony Maw
24%
Karl MorgenthauFlagsmasher
24%
Nathaniel RichardsKang
24%
SylvieLady Loki
24%
Lorna DanePolaris
24%
Anthony "Tony" MastersTaskmaster
24%
Tyrone JohnsonCloak
21%
Tandy BowenDagger
21%
Yuriko OyamaLady Deathstrike
21%
Cassandra "Cassie" LangStature
21%
Mortimer ToynabeeToad
21%
Black RockCull Obsidian
17%
William "Bill" FosterBlack Goliath
14%
Richard "Rick" JonesA-Bomb
10%
LesterBullseye
3%
Anjelica "Angel" JonesFirestar
3%
Ava AyavaWhite Tiger
3%
Morris BenchHydro Man
0%
Ravonna RenslayerTerminintrix
0%

Score Distribution

Percentile by Number Answered

Percent of People with Each Score

Your Score History

You have not taken this quiz